[Event "Stare Mesto op"]
[Site "Stare Mesto"]
[Date "2023.08.13"]
[Round "9"]
[White "Shatil, Shir"]
[Black "Lajbl, Jan"]
[Result "1/2-1/2"]
[WhiteElo "2182"]
[BlackElo "2239"]
[PlyCount "31"]
[EventDate "2023.08.05"]
[EventType "swiss"]
[EventRounds "9"]
[EventCountry "CZE"]
[SourceTitle "EXT 2024"]
[Source "ChessBase"]
[SourceDate "2023.10.10"]
[SourceVersion "1"]
[SourceVersionDate "2023.10.10"]
[SourceQuality "1"]

1. d4 d5 2. c4 c6 3. Nf3 e6 4. e3 Nf6 5. Nc3 Nbd7 6. Qc2 Bd6 7. b3 a6 8. e4 Bb4 9. e5 Ne4 10. Bd2 Nxd2 11. Nxd2 f6 12. exf6 Qxf6 13. a3 Bd6 14. Nf3 Qe7 15. Bd3 Bxa3 16. 0-0 1/2-1/2

[Event "Stare Mesto op"]
[Site "Stare Mesto"]
[Date "2023.08.12"]
[Round "8"]
[White "Lajbl, Jan"]
[Black "Polak, Tomas"]
[Result "1/2-1/2"]
[WhiteElo "2239"]
[BlackElo "2520"]
[PlyCount "136"]
[EventDate "2023.08.05"]
[EventType "swiss"]
[EventRounds "9"]
[EventCountry "CZE"]
[SourceTitle "EXT 2024"]
[Source "ChessBase"]
[SourceDate "2023.10.10"]
[SourceVersion "1"]
[SourceVersionDate "2023.10.10"]
[SourceQuality "1"]

1. e4 Nc6 2. Nc3 e5 3. Nf3 Nf6 4. Bb5 Bb4 5. Bxc6 bxc6 6. Nxe5 0-0 7. 0-0 Re8 8. Nd3 Bxc3 9. dxc3 Nxe4 10. Re1 Ba6 11. Qf3 Bxd3 12. Qxd3 Nc5 13. Rxe8+ Qxe8 14. Qe3 Na4 15. Qxe8+ Rxe8 16. Kf1 d5 17. Be3 a6 18. c4 Nxb2 19. cxd5 cxd5 20. Rb1 Nc4 21. Rb7 Rc8 22. Ke2 f6 23. Ra7 a5 24. Bd2 Re8+ 25. Kd1 Nb2+ 26. Kc1 Re2 27. Be3 d4 28. Bxd4 Nc4 29. c3 Rxa2 30. Rxc7 Nd2 31. Be3 Ne4 32. f3 Nd6 33. c4 Rxg2 34. c5 Nf5 35. Bd2 Nd4 36. Be3 Ne2+ 37. Kc2 Nf4+ 38. Kb3 Nd5 39. Rd7 Nxe3 40. c6 Rxh2 41. c7 Rc2 42. Rd8+ Kf7 43. c8Q Rxc8 44. Rxc8 Nf5 45. Kc3 Kg6 46. Kd3 Kg5 47. Ke2 h5 48. Kf2 Nd4 49. Rc5+ f5 50. Rxa5 h4 51. Ra1 Ne6 52. Rg1+ Kh5 53. f4 Nxf4 54. Rxg7 Nh3+ 55. Kg2 Ng5 56. Ra7 Kg4 57. Ra4+ f4 58. Rb4 Nf3 59. Rb8 h3+ 60. Kf2 Ng5 61. Rg8 Kh4 62. Rh8+ Kg4 63. Rg8 f3 64. Rxg5+ Kxg5 65. Kxf3 Kh4 66. Kf2 Kg4 67. Kg1 Kg3 68. Kh1 h2 1/2-1/2

[Event "Stare Mesto op"]
[Site "Stare Mesto"]
[Date "2023.08.11"]
[Round "7"]
[White "Kulich, Daniel"]
[Black "Lajbl, Jan"]
[Result "0-1"]
[WhiteElo "1899"]
[BlackElo "2239"]
[PlyCount "54"]
[EventDate "2023.08.05"]
[EventType "swiss"]
[EventRounds "9"]
[EventCountry "CZE"]
[SourceTitle "EXT 2024"]
[Source "ChessBase"]
[SourceDate "2023.10.10"]
[SourceVersion "1"]
[SourceVersionDate "2023.10.10"]
[SourceQuality "1"]

1. d4 d5 2. c4 e6 3. Nc3 Bb4 4. Qa4+ Nc6 5. a3 Bxc3+ 6. bxc3 Nge7 7. Nf3 Bd7 8. cxd5 exd5 9. e3 0-0 10. Qc2 Bf5 11. Bd3 Bxd3 12. Qxd3 Na5 13. Nd2 Rc8 14. 0-0 c5 15. a4 c4 16. Qc2 Re8 17. Ba3 Nec6 18. Rfe1 Qd7 19. f3 b6 20. e4 f6 21. Rab1 Rcd8 22. Rb5 dxe4 23. fxe4 Nxd4 24. Qa2 Nxb5 25. Nxc4 Qf7 26. axb5 Qxc4 27. Qxc4+ Nxc4 0-1

[Event "Stare Mesto op"]
[Site "Stare Mesto"]
[Date "2023.08.06"]
[Round "2"]
[White "Lajbl, Jan"]
[Black "Balazec, Ludovit"]
[Result "1-0"]
[WhiteElo "2239"]
[BlackElo "1877"]
[PlyCount "83"]
[EventDate "2023.08.05"]
[EventType "swiss"]
[EventRounds "9"]
[EventCountry "CZE"]
[SourceTitle "EXT 2024"]
[Source "ChessBase"]
[SourceDate "2023.10.10"]
[SourceVersion "1"]
[SourceVersionDate "2023.10.10"]
[SourceQuality "1"]

1. e4 c5 2. Nf3 e6 3. c4 Nc6 4. d4 cxd4 5. Nxd4 Qb6 6. Nb3 Bb4+ 7. Nc3 Nf6 8. Bd3 Ne5 9. 0-0 Bxc3 10. bxc3 0-0 11. Bf4 d6 12. c5 Qc7 13. cxd6 Qxd6 14. Bc2 Qxd1 15. Rfxd1 Ng6 16. Bd6 Rd8 17. f3 Bd7 18. e5 Ne8 19. Bxg6 Nxd6 20. Rxd6 hxg6 21. Rad1 Rdc8 22. Rxd7 Rxc3 23. Rxb7 a5 24. Rdd7 a4 25. Nd4 Rd3 26. Nb5 Rxd7 27. Rxd7 Rb8 28. Nc3 Rb2 29. Nxa4 Rxa2 30. Nc5 g5 31. Ne4 g4 32. fxg4 Ra5 33. Ng5 g6 34. Nxf7 Kf8 35. h4 Ra4 36. Nh6 Re4 37. Rf7+ Ke8 38. Rf6 Rxe5 39. Rxg6 Ke7 40. Rg5 Rxg5 41. hxg5 Kf8 42. Nf5 1-0

[Event "Pardubice Czech op-A 34th"]
[Site "Pardubice"]
[Date "2023.07.24"]
[Round "4"]
[White "Lajbl, Jan"]
[Black "Gagare, Shardul"]
[Result "0-1"]
[WhiteElo "2212"]
[BlackElo "2480"]
[PlyCount "58"]
[EventDate "2023.07.21"]
[EventType "swiss"]
[EventRounds "9"]
[EventCountry "CZE"]
[SourceTitle "CBM 215 Extra"]
[Source "ChessBase"]
[SourceDate "2023.09.30"]
[SourceVersion "1"]
[SourceVersionDate "2023.09.30"]
[SourceQuality "1"]

1. e4 e6 2. d4 d5 3. Nc3 Nf6 4. Bg5 dxe4 5. Nxe4 Be7 6. Nxf6+ Bxf6 7. Bxf6 Qxf6 8. Nf3 0-0 9. Qd3 c5 10. 0-0-0 Rd8 11. Qe4 Nc6 12. c3 cxd4 13. Nxd4 Nxd4 14. Rxd4 Rxd4 15. Qxd4 Qxd4 16. cxd4 Bd7 17. Kd2 Bc6 18. f3 Rd8 19. Ke3 e5 20. dxe5 Rd1 21. g4 Ra1 22. Bg2 Rxa2 23. Rb1 g5 24. Bf1 Ra5 25. Kd4 Rd5+ 26. Ke3 Rxe5+ 27. Kd4 Re7 28. Bc4 Bxf3 29. Rf1 Re4+ 0-1

[Event "Pardubice Czech op-E 34th"]
[Site "Pardubice"]
[Date "2023.07.16"]
[Round "7"]
[White "Polak, Tomas"]
[Black "Lajbl, Jan"]
[Result "1/2-1/2"]
[WhiteElo "2503"]
[BlackElo "2212"]
[PlyCount "103"]
[EventDate "2023.07.13"]
[EventType "team-swiss"]
[EventRounds "7"]
[EventCountry "CZE"]
[SourceTitle "CBM 215 Extra"]
[Source "ChessBase"]
[SourceDate "2023.09.30"]
[SourceVersion "1"]
[SourceVersionDate "2023.09.30"]
[SourceQuality "1"]
[WhiteTeam "Brno Moravska Slavia"]
[BlackTeam "Turnov Zikuda Juniors"]
[WhiteTeamCountry "CZE"]
[BlackTeamCountry "CZE"]

1. Nf3 d5 2. d4 Nf6 3. c4 e6 4. Nc3 c5 5. cxd5 exd5 6. e3 Nc6 7. Be2 a6 8. 0-0 Bd6 9. b3 cxd4 10. Nxd4 Qc7 11. Nf3 Be6 12. Bb2 0-0 13. Rc1 Rfd8 14. Qd3 Bg4 15. h3 Bh5 16. Nh4 Bg6 17. Nxg6 hxg6 18. Rfd1 d4 19. Ne4 Bh2+ 20. Kh1 dxe3 21. Qxe3 Bf4 22. Nxf6+ gxf6 23. Qf3 Be5 24. Bxe5 Qxe5 25. Rxd8+ Rxd8 26. Bxa6 Qb2 27. Rf1 bxa6 28. Qxc6 Qxa2 29. Qxf6 Rb8 30. Ra1 Qxb3 31. Rxa6 Qb2 32. Qf4 Qb4 33. Qf3 Qe1+ 34. Kh2 Qe5+ 35. g3 Kg7 36. Ra4 Re8 37. Rf4 Re7 38. h4 Qe6 39. h5 Qe5 40. Rh4 Qe2 41. Qf4 Qe5 42. Qf3 Qe2 43. Qc3+ Qe5 44. Qb4 gxh5 45. Rc4 Qe1 46. Qc5 Qe5 47. Qb4 Qe1 48. Qb2+ Qe5 49. Qd2 Re6 50. Rf4 Rf6 51. Rxf6 Qxf6 52. Qe3 1/2-1/2

[Event "Pardubice Czech op-E 34th"]
[Site "Pardubice"]
[Date "2023.07.15"]
[Round "5"]
[White "Lajbl, Jan"]
[Black "Vichnar, David"]
[Result "1/2-1/2"]
[WhiteElo "2212"]
[BlackElo "2344"]
[PlyCount "65"]
[EventDate "2023.07.13"]
[EventType "team-swiss"]
[EventRounds "7"]
[EventCountry "CZE"]
[SourceTitle "CBM 215 Extra"]
[Source "ChessBase"]
[SourceDate "2023.09.30"]
[SourceVersion "1"]
[SourceVersionDate "2023.09.30"]
[SourceQuality "1"]
[WhiteTeam "Turnov Zikuda Juniors"]
[BlackTeam "Vysehrad SK Sokol"]
[WhiteTeamCountry "CZE"]
[BlackTeamCountry "CZE"]

1. e4 c5 2. Nf3 e6 3. d4 cxd4 4. Nxd4 Nc6 5. Nc3 Qc7 6. Be3 a6 7. Qf3 Nf6 8. 0-0-0 Ne5 9. Qg3 b5 10. Bxb5 axb5 11. Ndxb5 Qb8 12. Bf4 d6 13. Rxd6 Bxd6 14. Nxd6+ Qxd6 15. Bxe5 Qe7 16. Qxg7 Rg8 17. Qxf6 Qxf6 18. Bxf6 Rxg2 19. Bd4 Bb7 20. b4 0-0-0 21. Be3 Rdg8 22. a4 Rg1+ 23. Rxg1 Rxg1+ 24. Kb2 Rg2 25. b5 Rxh2 26. a5 h5 27. a6 h4 28. axb7+ Kxb7 29. e5 h3 30. Ne4 Rg2 31. Nd6+ Kb8 32. Bf4 Rxf2 33. Bg3 1/2-1/2

[Event "Ceske Budejovice op-A"]
[Site "Ceske Budejovice"]
[Date "2023.07.08"]
[Round "8"]
[White "Lajbl, Jan"]
[Black "Briem, Benedikt"]
[Result "0-1"]
[WhiteElo "2212"]
[BlackElo "2127"]
[PlyCount "60"]
[EventDate "2023.07.01"]
[EventType "swiss"]
[EventRounds "9"]
[EventCountry "CZE"]
[SourceTitle "CBM 215 Extra"]
[Source "ChessBase"]
[SourceDate "2023.09.30"]
[SourceVersion "1"]
[SourceVersionDate "2023.09.30"]
[SourceQuality "1"]

1. e4 e5 2. Nf3 Nc6 3. Bc4 Bc5 4. c3 Nf6 5. d3 0-0 6. 0-0 Re8 7. d4 Bf8 8. Qb3 d5 9. Bxd5 Nxd5 10. exd5 Na5 11. Qa4 b6 12. b4 Bd7 13. Qd1 Nc4 14. dxe5 Nxe5 15. Nxe5 Rxe5 16. Qd4 Rh5 17. Nd2 Bd6 18. Nf3 g5 19. g4 Rh3 20. Bxg5 Qf8 21. Ne5 Bb5 22. c4 f6 23. cxb5 Bxe5 24. Qe4 Bxa1 25. Rxa1 fxg5 26. d6 cxd6 27. Qd5+ Kh8 28. Rc1 Re8 29. Rc7 Qf4 30. Kf1 Rxh2 0-1

[Event "Ceske Budejovice op-A"]
[Site "Ceske Budejovice"]
[Date "2023.07.06"]
[Round "6"]
[White "Simek, Petr1111"]
[Black "Lajbl, Jan"]
[Result "1/2-1/2"]
[WhiteElo "2365"]
[BlackElo "2212"]
[PlyCount "48"]
[EventDate "2023.07.01"]
[EventType "swiss"]
[EventRounds "9"]
[EventCountry "CZE"]
[SourceTitle "CBM 215 Extra"]
[Source "ChessBase"]
[SourceDate "2023.09.30"]
[SourceVersion "1"]
[SourceVersionDate "2023.09.30"]
[SourceQuality "1"]

1. d4 d5 2. c4 e6 3. Nf3 Nf6 4. g3 Be7 5. Bg2 0-0 6. 0-0 dxc4 7. Qc2 b5 8. a4 b4 9. Nbd2 Bb7 10. Nxc4 c5 11. dxc5 Be4 12. Qb3 Na6 13. Be3 Nxc5 14. Bxc5 Bxc5 15. Rfd1 Qc7 16. Nfe5 Bd5 17. Rac1 Rac8 18. e3 Rfd8 19. Nd3 Bxe3 20. fxe3 Bxc4 21. Qxb4 a5 22. Qc3 Qb6 23. Ne5 Nd5 24. Bxd5 exd5 1/2-1/2

[Event "Ceske Budejovice op-A"]
[Site "Ceske Budejovice"]
[Date "2023.07.01"]
[Round "1"]
[White "Zelbova, Lada"]
[Black "Lajbl, Jan"]
[Result "0-1"]
[WhiteElo "1894"]
[BlackElo "2212"]
[PlyCount "58"]
[EventDate "2023.07.01"]
[EventType "swiss"]
[EventRounds "9"]
[EventCountry "CZE"]
[SourceTitle "CBM 215 Extra"]
[Source "ChessBase"]
[SourceDate "2023.09.30"]
[SourceVersion "1"]
[SourceVersionDate "2023.09.30"]
[SourceQuality "1"]

1. d4 d5 2. Nf3 c5 3. c3 Nc6 4. e3 cxd4 5. exd4 Bg4 6. Be2 e6 7. 0-0 Bd6 8. Ne5 Bxe2 9. Qxe2 Bxe5 10. dxe5 Nge7 11. Nd2 Qc7 12. Nf3 0-0 13. Bf4 Rab8 14. Nd4 Ng6 15. Bg3 Nxd4 16. cxd4 Rfc8 17. Qe3 Qc2 18. b3 Ne7 19. Rfc1 Qb2 20. Rcb1 Qa3 21. Rc1 Nf5 22. Qd2 Nxd4 23. Rxc8+ Rxc8 24. Bf4 Nxb3 25. Qd3 Qa4 26. Qxb3 Qxf4 27. Qb2 b6 28. g3 Qc4 29. a4 h6 0-1

[Event "CZE-ch Amateur"]
[Site "Hluk"]
[Date "2023.05.09"]
[Round "6"]
[White "Haba, Zdenek"]
[Black "Lajbl, Jan"]
[Result "0-1"]
[WhiteElo "2142"]
[BlackElo "2248"]
[PlyCount "70"]
[EventDate "2023.05.06"]
[EventType "swiss"]
[EventRounds "9"]
[EventCountry "CZE"]
[SourceTitle "CBM 214 Extra"]
[Source "ChessBase"]
[SourceDate "2023.07.31"]
[SourceVersion "1"]
[SourceVersionDate "2023.07.31"]
[SourceQuality "1"]

1. d4 d5 2. c4 e6 3. Nf3 dxc4 4. g3 a6 5. a4 Nc6 6. Bg2 Rb8 7. 0-0 Nf6 8. Nc3 Be7 9. e4 0-0 10. Bg5 h6 11. Bxf6 Bxf6 12. e5 Be7 13. Qd2 b5 14. axb5 axb5 15. h4 Nb4 16. Rad1 Bb7 17. Qe2 Nd3 18. Ne1 Bxg2 19. Kxg2 Nxe1+ 20. Rfxe1 Bb4 21. f4 Bxc3 22. bxc3 Qd5+ 23. Kh3 Ra8 24. g4 Ra3 25. Qe3 b4 26. Rc1 Rb8 27. f5 bxc3 28. Rc2 Rab3 29. f6 Rb2 30. Ree2 Rxc2 31. Rxc2 Rb2 32. Qf2 Rxc2 33. Qxc2 Qf3+ 34. Kh2 Qf4+ 35. Kh3 Qf3+ 0-1

[Event "CZE-ch Amateur"]
[Site "Hluk"]
[Date "2023.05.09"]
[Round "5"]
[White "Lajbl, Jan"]
[Black "Hladky, Tadeas"]
[Result "1-0"]
[WhiteElo "2248"]
[BlackElo "2031"]
[PlyCount "77"]
[EventDate "2023.05.06"]
[EventType "swiss"]
[EventRounds "9"]
[EventCountry "CZE"]
[SourceTitle "CBM 214 Extra"]
[Source "ChessBase"]
[SourceDate "2023.07.31"]
[SourceVersion "1"]
[SourceVersionDate "2023.07.31"]
[SourceQuality "1"]

1. c4 c6 2. e4 d5 3. exd5 cxd5 4. d4 Nf6 5. Nc3 Nc6 6. Bf4 Bf5 7. c5 e6 8. Bb5 Be7 9. Nf3 Nd7 10. 0-0 0-0 11. Qa4 Qc8 12. Bxc6 Qxc6 13. Qxc6 bxc6 14. b4 a6 15. a4 Bf6 16. Bd6 Rfe8 17. Ne5 Bxe5 18. dxe5 Bd3 19. Rfd1 Bc4 20. f4 Rec8 21. a5 Bb5 22. Nxb5 cxb5 23. g4 Nb8 24. Bxb8 Raxb8 25. Kf2 h6 26. h4 Kf8 27. Ke3 Ke7 28. Kd4 Kd7 29. Rg1 Rh8 30. Raf1 Rbg8 31. h5 Rh7 32. Rg2 Kc6 33. f5 Kd7 34. Rgf2 Rf8 35. fxe6+ Kxe6 36. Rf5 Rhh8 37. R1f4 Rhg8 38. Rf3 f6 39. Re3 1-0

[Event "Liberec op 22nd"]
[Site "Liberec"]
[Date "2023.03.02"]
[Round "8"]
[White "Lajbl, Jan"]
[Black "Lohia, Sohum"]
[Result "1-0"]
[WhiteElo "2255"]
[BlackElo "2105"]
[PlyCount "111"]
[EventDate "2023.02.24"]
[EventType "swiss"]
[EventRounds "9"]
[EventCountry "CZE"]
[SourceTitle "CBM 213 Extra"]
[Source "ChessBase"]
[SourceDate "2023.05.31"]
[SourceVersion "1"]
[SourceVersionDate "2023.05.31"]
[SourceQuality "1"]

1. d4 Nf6 2. c4 e6 3. g3 d5 4. Nf3 dxc4 5. Bg2 Nc6 6. Qa4 Bb4+ 7. Bd2 Nd5 8. Bxb4 Ndxb4 9. 0-0 0-0 10. a3 Nd5 11. Qxc4 Bd7 12. Nbd2 Na5 13. Qc2 Bb5 14. Rfe1 b6 15. b4 Nb7 16. e4 Ne7 17. a4 Bd7 18. Ne5 Rc8 19. Nb3 Ng6 20. Nc6 Bxc6 21. Qxc6 Nd6 22. Rec1 Ne7 23. Qc3 Qd7 24. e5 Ndf5 25. Bb7 Rb8 26. Be4 Nd5 27. Qc6 Qxc6 28. Rxc6 Nfe7 29. Rc4 Rfd8 30. b5 h6 31. Rac1 Rbc8 32. Na1 Kf8 33. Nc2 c6 34. Na3 cxb5 35. axb5 Rxc4 36. Rxc4 Rc8 37. Rxc8+ Nxc8 38. Bxd5 exd5 39. Nc2 Ne7 40. f4 Ke8 41. Kf2 Kd7 42. g4 Kc7 43. f5 Kb7 44. Nb4 Kc7 45. Ke3 Kd7 46. h4 f6 47. Kf4 Kc7 48. g5 hxg5+ 49. hxg5 fxg5+ 50. Kxg5 Kd7 51. Nc6 a5 52. f6 gxf6+ 53. exf6 Nxc6 54. bxc6+ Ke8 55. c7 Kd7 56. f7 1-0

[Event "Liberec op 22nd"]
[Site "Liberec"]
[Date "2023.02.26"]
[Round "4"]
[White "Belaska, Premysl"]
[Black "Lajbl, Jan"]
[Result "1/2-1/2"]
[WhiteElo "2196"]
[BlackElo "2255"]
[PlyCount "36"]
[EventDate "2023.02.24"]
[EventType "swiss"]
[EventRounds "9"]
[EventCountry "CZE"]
[SourceTitle "CBM 213 Extra"]
[Source "ChessBase"]
[SourceDate "2023.05.31"]
[SourceVersion "1"]
[SourceVersionDate "2023.05.31"]
[SourceQuality "1"]

1. e4 c5 2. b3 Nc6 3. Bb2 e5 4. Nf3 d6 5. Bc4 Be7 6. 0-0 Nf6 7. Re1 Bg4 8. c3 0-0 9. Na3 a6 10. Nc2 b5 11. Bf1 d5 12. exd5 Nxd5 13. c4 bxc4 14. Bxc4 Nb6 15. Ne3 Nxc4 16. bxc4 Bxf3 17. Qxf3 Nd4 18. Bxd4 exd4 1/2-1/2

[Event "Liberec op 22nd"]
[Site "Liberec"]
[Date "2023.02.25"]
[Round "3"]
[White "Lajbl, Jan"]
[Black "Smietanska, Wiktoria"]
[Result "1-0"]
[WhiteElo "2255"]
[BlackElo "1951"]
[PlyCount "67"]
[EventDate "2023.02.24"]
[EventType "swiss"]
[EventRounds "9"]
[EventCountry "CZE"]
[SourceTitle "CBM 213 Extra"]
[Source "ChessBase"]
[SourceDate "2023.05.31"]
[SourceVersion "1"]
[SourceVersionDate "2023.05.31"]
[SourceQuality "1"]

1. d4 d5 2. Nf3 Nf6 3. c4 c6 4. Nbd2 e6 5. Qc2 Nbd7 6. g3 Bd6 7. Bg2 0-0 8. 0-0 Qe7 9. e4 dxe4 10. Nxe4 Nxe4 11. Qxe4 e5 12. Re1 f5 13. Qc2 e4 14. Ng5 Qf6 15. c5 Bb8 16. Qc4+ Kh8 17. f3 h6 18. Nh3 exf3 19. Bxf3 Rd8 20. Bd2 Nf8 21. Bc3 f4 22. d5 Qf7 23. Nxf4 Bxf4 24. Qxf4 Qxf4 25. gxf4 cxd5 26. Ba5 Rd7 27. Re8 Kg8 28. Bg4 Kf7 29. Bxd7 Nxd7 30. Rae1 Nxc5 31. R1e7+ Kg6 32. Rc7 b6 33. Rcxc8 Rxc8 34. Rxc8 1-0

[Event "Liberec op 22nd"]
[Site "Liberec"]
[Date "2023.02.24"]
[Round "1"]
[White "Lajbl, Jan"]
[Black "Peglau, Paul David"]
[Result "1-0"]
[WhiteElo "2255"]
[BlackElo "1649"]
[PlyCount "77"]
[EventDate "2023.02.24"]
[EventType "swiss"]
[EventRounds "9"]
[EventCountry "CZE"]
[SourceTitle "CBM 213 Extra"]
[Source "ChessBase"]
[SourceDate "2023.05.31"]
[SourceVersion "1"]
[SourceVersionDate "2023.05.31"]
[SourceQuality "1"]

1. e4 e6 2. d4 d5 3. Nd2 dxe4 4. Nxe4 Bd7 5. Nf3 Bc6 6. Ng3 Nd7 7. Be2 Ngf6 8. 0-0 Be7 9. c4 0-0 10. a3 b6 11. b4 Ne4 12. Nxe4 Bxe4 13. Bd3 Bxd3 14. Qxd3 Bf6 15. Bf4 Re8 16. Rad1 Qe7 17. Rfe1 Rad8 18. Qe4 Nf8 19. Be5 Ng6 20. Bxf6 Qxf6 21. h4 Qf4 22. Qxf4 Nxf4 23. g3 Ng6 24. h5 Nf8 25. a4 Nd7 26. g4 c5 27. dxc5 bxc5 28. b5 Nb6 29. Ne5 Nxa4 30. Ra1 Nb6 31. Rxa7 Ra8 32. Rea1 f6 33. Nd7 Rxa7 34. Rxa7 Nxd7 35. Rxd7 Rc8 36. b6 g6 37. h6 Kf8 38. b7 Rb8 39. Rc7 1-0

[Event "EU-ch Rapid"]
[Site "Katowice"]
[Date "2022.12.17"]
[Round "4"]
[White "Morgunov, Marc"]
[Black "Lajbl, Jan"]
[Result "1-0"]
[WhiteElo "2402"]
[BlackElo "2225"]
[PlyCount "49"]
[EventDate "2022.12.17"]
[EventType "swiss (rapid)"]
[EventRounds "11"]
[EventCountry "POL"]
[SourceTitle "CBM 211 Extra"]
[Source "ChessBase"]
[SourceDate "2023.01.31"]
[SourceVersion "1"]
[SourceVersionDate "2023.01.31"]
[SourceQuality "1"]

1. e4 e6 2. d3 d5 3. Nd2 Nf6 4. Ngf3 Nc6 5. c3 dxe4 6. dxe4 e5 7. Bc4 a5 8. Ng5 Be6 9. Bxe6 fxe6 10. Qb3 Qd7 11. Qxe6+ Qxe6 12. Nxe6 Kd7 13. Nxf8+ Rhxf8 14. 0-0 Ke6 15. a4 Rad8 16. f3 Nh5 17. Nc4 Nf4 18. Bxf4 Rxf4 19. Rad1 Rdf8 20. Rd5 g5 21. Ne3 b6 22. Rfd1 R8f7 23. Nf5 h5 24. Rd6+ cxd6 25. Rxd6# 1-0

[Event "EU-ch Blitz"]
[Site "Katowice"]
[Date "2022.12.16"]
[Round "9"]
[White "Lajbl, Jan"]
[Black "Fus, Jakub"]
[Result "0-1"]
[WhiteElo "2225"]
[BlackElo "2405"]
[PlyCount "80"]
[EventDate "2022.12.16"]
[EventType "swiss (blitz)"]
[EventRounds "22"]
[EventCountry "POL"]
[SourceTitle "CBM 211 Extra"]
[Source "ChessBase"]
[SourceDate "2023.01.31"]
[SourceVersion "1"]
[SourceVersionDate "2023.01.31"]
[SourceQuality "1"]

1. e4 c6 2. d4 d5 3. f3 e6 4. Nc3 Qb6 5. a3 Be7 6. Be3 Nd7 7. Bd3 dxe4 8. fxe4 Ngf6 9. e5 Nxe5 10. Nf3 Nxf3+ 11. gxf3 Nd5 12. Nxd5 Bh4+ 13. Ke2 cxd5 14. Rg1 g6 15. b4 Bd7 16. Rg4 Bf6 17. c3 Bb5 18. a4 Bxd3+ 19. Qxd3 Rc8 20. Rf4 Bg7 21. h4 Qc6 22. Ra3 h5 23. Bf2 Qc4 24. Qxc4 Rxc4 25. Kd3 Rc8 26. Bg3 Ke7 27. Ra1 Bh6 28. Re1 Bxf4 29. Bxf4 Rc6 30. Bg5+ f6 31. Bd2 Kf7 32. f4 Ra6 33. Ra1 b5 34. a5 Rc6 35. Re1 a6 36. Re2 Re8 37. Re1 Rc7 38. Re2 Rce7 39. Be1 e5 40. fxe5 fxe5 0-1

[Event "CZE-chT1W 2223"]
[Site "Czech Republic"]
[Date "2022.11.27"]
[Round "4.5"]
[White "Brozka, Karel"]
[Black "Lajbl, Jan"]
[Result "0-1"]
[WhiteElo "2161"]
[BlackElo "2209"]
[PlyCount "120"]
[EventDate "2022.10.09"]
[EventType "team-tourn"]
[EventRounds "11"]
[EventCountry "CZE"]
[SourceTitle "CBM 213 Extra"]
[Source "ChessBase"]
[SourceDate "2023.05.31"]
[SourceVersion "1"]
[SourceVersionDate "2023.05.31"]
[SourceQuality "1"]
[WhiteTeam "Polabiny III"]
[BlackTeam "Ricany Betsys II"]
[WhiteTeamCountry "CZE"]
[BlackTeamCountry "CZE"]

1. d4 d5 2. c4 dxc4 3. e4 e5 4. Nf3 Bb4+ 5. Bd2 Bxd2+ 6. Nbxd2 exd4 7. Bxc4 Nf6 8. e5 Ng4 9. h3 Nh6 10. 0-0 0-0 11. Nb3 a6 12. Qxd4 Qxd4 13. Nfxd4 Nd7 14. f4 c5 15. Nf3 Nf5 16. Rfe1 Nb6 17. Bf1 Na4 18. Na5 b6 19. Nc4 b5 20. b3 Nc3 21. Nb6 Rb8 22. Rec1 Nxa2 23. Rxa2 Rxb6 24. Rxc5 Be6 25. Rb2 Ne3 26. Nd4 Rd8 27. Rd2 Rbb8 28. g4 g6 29. Kf2 Nxf1 30. Kxf1 h5 31. f5 Rd5 32. Rc6 gxf5 33. gxf5 Bxf5 34. Rg2+ Bg6 35. Rd6 Rxd6 36. exd6 Rd8 37. Nc6 Rxd6 38. Ne7+ Kf8 39. Nxg6+ Rxg6 40. Ra2 Rg3 41. Rxa6 Rxh3 42. b4 Rb3 43. Rh6 Rxb4 44. Rxh5 Rb2 45. Ke1 Kg7 46. Kd1 Kg6 47. Rc5 f5 48. Rd5 Kg5 49. Kc1 Rb4 50. Kc2 Re4 51. Rxb5 Rd4 52. Rb3 Kg4 53. Rb8 f4 54. Rg8+ Kf3 55. Re8 Kf2 56. Rf8 f3 57. Re8 Kf1 58. Rf8 f2 59. Rg8 Ke2 60. Re8+ Kf3 0-1

[Event "CZE-chT1W 2223"]
[Site "Czech Republic"]
[Date "2022.10.30"]
[Round "2.6"]
[White "Jansa, Vlastimil"]
[Black "Lajbl, Jan"]
[Result "1-0"]
[WhiteElo "2394"]
[BlackElo "2209"]
[PlyCount "85"]
[EventDate "2022.10.09"]
[EventType "team-tourn"]
[EventRounds "11"]
[EventCountry "CZE"]
[SourceTitle "CBM 213 Extra"]
[Source "ChessBase"]
[SourceDate "2023.05.31"]
[SourceVersion "1"]
[SourceVersionDate "2023.05.31"]
[SourceQuality "1"]
[WhiteTeam "Lysa nad Labem II"]
[BlackTeam "Ricany Betsys II"]
[WhiteTeamCountry "CZE"]
[BlackTeamCountry "CZE"]

1. e4 c6 2. d4 d5 3. Nc3 dxe4 4. Nxe4 Nf6 5. Nxf6+ exf6 6. c3 Bd6 7. Bd3 0-0 8. Qc2 Re8+ 9. Ne2 h5 10. Be3 Nd7 11. 0-0-0 b5 12. g4 h4 13. Rhg1 g5 14. Bd2 Bxh2 15. Rg2 Bd6 16. f4 Nb6 17. Rf1 Nd5 18. fxg5 fxg5 19. Bh7+ Kh8 20. Rxf7 Rf8 21. Rxf8+ Qxf8 22. Bf5 h3 23. Rg1 h2 24. Rh1 Bxf5 25. gxf5 Qh6 26. Qe4 Qh5 27. Qg2 Re8 28. Ng3 Bxg3 29. Qxg3 Re2 30. Bxg5 Kh7 31. f6 a5 32. f7 Qxf7 33. Qd3+ Qg6 34. Qxe2 Qxg5+ 35. Kc2 Ne3+ 36. Kd3 Qg6+ 37. Kxe3 Qg1+ 38. Rxg1 hxg1Q+ 39. Kf4 Qc1+ 40. Kf5 b4 41. c4 Qb1+ 42. Qe4 Qf1+ 43. Ke6+ 1-0

[Event "Ceske Budejovice IM"]
[Site "Ceske Budejovice"]
[Date "2022.07.06"]
[Round "6"]
[White "Lajbl, Jan"]
[Black "Finek, Vaclav"]
[Result "0-1"]
[WhiteElo "2212"]
[BlackElo "2393"]
[PlyCount "96"]
[EventDate "2022.07.01"]
[EventType "tourn"]
[EventRounds "9"]
[EventCountry "CZE"]
[EventCategory "4"]
[SourceTitle "CBM 209 Extra"]
[Source "ChessBase"]
[SourceDate "2022.09.30"]
[SourceVersion "1"]
[SourceVersionDate "2022.09.30"]
[SourceQuality "1"]

1. e4 c5 2. Nf3 g6 3. c3 Bg7 4. d4 cxd4 5. cxd4 d5 6. e5 Nc6 7. Bb5 Bg4 8. Bxc6+ bxc6 9. 0-0 Qb6 10. Nbd2 Nh6 11. h3 Bxf3 12. Nxf3 0-0 13. b3 f6 14. exf6 exf6 15. Ba3 Rfe8 16. Qc2 Qa6 17. Bc5 Re2 18. Qc3 Rae8 19. Rfe1 Bf8 20. Rxe2 Rxe2 21. a4 Nf5 22. Rc1 Bh6 23. Qb4 Qc8 24. Ra1 a6 25. Kf1 Re4 26. Re1 Bf4 27. g4 Ng7 28. Bd6 a5 29. Qa3 h5 30. Bxf4 Rxf4 31. Nh2 Qa6+ 32. Kg2 Qd3 33. Qe7 Qxd4 34. Re3 Re4 35. Qd8+ Kh7 36. Rf3 f5 37. Qxa5 Ne6 38. gxf5 Nf4+ 39. Rxf4 Rxf4 40. Qc7+ Kh6 41. f3 Rxf5 42. Qe7 Rg5+ 43. Ng4+ hxg4 44. hxg4 Re5 45. Qf8+ Kg5 46. Qd8+ Kf4 47. Qf6+ Ke3 48. Kg3 g5 0-1